<Le> Journal des Finances

Salvato in:
Dettagli Bibliografici
Natura: Periodico
Lingua:francese
Pubblicazione: Paris Journal des Finances 1987
Tags: Aggiungi Tag
Nessun Tag, puoi essere il primo ad aggiungerne!!

MARC

LEADER 00000nas2a2200000 4500
001 s033659
005 20250730114144.3
041 0 |a fre 
044 |a FR 
245 1 0 |a <Le> Journal des Finances 
264 1 |a Paris  |b Journal des Finances  |c 1987 
300 |a 3 zv. 
773 0 |w eu_un_cat*s120450